MARC details
| 000 -CABECERA |
| campo de control de longitud fija |
02524cam a2200373 i 4500 |
| 001 - NÚMERO DE CONTROL |
| campo de control |
991061123560606706 |
| 003 - IDENTIFICADOR DEL NÚMERO DE CONTROL |
| campo de control |
ES-BaIT |
| 005 - FECHA Y HORA DE LA ÚLTIMA TRANSACCIÓN |
| campo de control |
20260203101335.0 |
| 008 - DATOS DE LONGITUD FIJA--INFORMACIÓN GENERAL |
| campo de control de longitud fija |
240430s2024 spca||||||||| 000 d cat|c |
| 015 ## - NÚMERO DE BIBLIOGRAFÍA NACIONAL |
| Número de bibliografía nacional |
LL2025 |
| Fuente |
bnc |
| 017 ## - NÚMERO DE COPYRIGHT O DE DEPÓSITO LEGAL |
| Número de copyright o de depósito legal |
DL L 46-2024 |
| Agencia que asigna |
Biblioteca de Catalunya |
| 020 ## - NÚMERO INTERNACIONAL ESTÁNDAR DEL LIBRO |
| Número Internacional Estándar del Libro |
9788491444640 |
| 040 ## - FUENTE DE LA CATALOGACIÓN |
| Centro catalogador/agencia de origen |
ES-LlUDL |
| Lengua de catalogación |
cat |
| Normas de descripción |
rda |
| Centro/agencia transcriptor |
ES-LlUDL |
| Centro/agencia modificador |
ES-BaBC |
| 080 ## - NÚMERO DE LA CLASIFICACIÓN DECIMAL UNIVERSAL |
| Número de la Clasificación Decimal Universal |
821.134.1-2 |
| Subdivisión auxiliar común |
"20" |
| Identificador de la edición |
2004 |
| 080 ## - NÚMERO DE LA CLASIFICACIÓN DECIMAL UNIVERSAL |
| Número de la Clasificación Decimal Universal |
849.9-2"20" |
| 080 ## - NÚMERO DE LA CLASIFICACIÓN DECIMAL UNIVERSAL |
| Número de la Clasificación Decimal Universal |
82-27 |
| 100 ## - ENTRADA PRINCIPAL--NOMBRE DE PERSONA |
| Nombre de persona |
Casado Gual, Núria |
| Término indicativo de función/relación |
autor |
| 9 (RLIN) |
103247 |
| 245 10 - MENCIÓN DE TÍTULO |
| Título |
Solitud a Stromboli / |
| Mención de responsabilidad, etc. |
Núria Casado Gual |
| 264 #1 - PRODUCCIÓN, PUBLICACIÓN, DISTRIBUCIÓN, FABRICACIÓN Y COPYRIGHT |
| Producción, publicación, distribución, fabricación y copyright |
Lleida : |
| Nombre del de productor, editor, distribuidor, fabricante |
Edicions de la Universitat de Lleida, |
| Fecha de producción, publicación, distribución, fabricación o copyright |
2024 |
| 300 ## - DESCRIPCIÓN FÍSICA |
| Extensión |
58 pàgines : |
| Otras características físicas |
il·lustracions ; |
| Dimensiones |
20 cm |
| 336 ## - TIPO DE CONTENIDO |
| Término de tipo de contenido |
text |
| Código de tipo de contenido |
txt |
| Fuente |
rdacontent |
| 337 ## - TIPO DE MEDIO |
| Nombre/término del tipo de medio |
sense mediació |
| Código del tipo de medio |
n |
| Fuente |
rdamedia |
| 338 ## - TIPO DE SOPORTE |
| Nombre/término del tipo de soporte |
volum |
| Código del tipo de soporte |
nc |
| Fuente |
rdacarrier |
| 490 1# - MENCIÓN DE SERIE |
| Mención de serie |
Sèrie teatre ; |
| Designación de volumen o secuencia |
15 |
| 500 ## - NOTA GENERAL |
| Nota general |
P1: D1 |
| 500 ## - NOTA GENERAL |
| Nota general |
Estrenada al Teatre Nacional de Catalunya el 12 de novembre de 2020 dins el cicle Epicentre pioneres |
| 500 ## - NOTA GENERAL |
| Nota general |
Inclou galeria de fotos i pòsters de la producció original |
| 520 ## - SUMARIO, ETC. |
| Sumario, etc. |
"La Dra. Nela Simari, una distingida experta en el camp de la literatura comparada, ha estat convidada a impartir la conferència inaugural d’un congrés internacional sobre cinema europeu. La conferència, que a més vol ser un homenatge a un catedràtic desaparegut recentment, ofereix una anàlisi que compara la gran novel·la de Víctor Català amb l’emblemàtica pel·lícula de Roberto Rossellini, amb què es considera que comença el cinema modern. La Dra. Simari té un repte important davant seu: demostrar la influència cabdal i no reconeguda que Català va exercir sobre el cineasta italià en la seva obra mestra. Ara bé, a mesura que avança la seva ponència, es fa palès un desafiament més personal: tornar a obrir ferides del passat, des de la mirada del present. Inspirada lliurement en un estudi de Rosa Delor, Núria Casado Gual ens presenta una peculiar “lliçó magistral” en forma de monòleg dramàtic, que no només ens endinsa en els universos paral·lels de Solitud i Stromboli, sinó que, a més, ens convida a reflexionar sobre el concepte d’autoria i el mateix fet creatiu i, sobretot, ens interroga sobre qui surt a la llum i qui roman a l’ombra, en el sovint incomplet relat de la història." -- Pàgina web editorial |
| 650 #0 - PUNTO DE ACCESO ADICIONAL DE MATERIA--TÉRMINO DE MATERIA |
| Término de materia o nombre geográfico como elemento de entrada |
Monòlegs catalans |
| Subdivisión cronológica |
S. XXI |
| Subdivisión de forma |
Textos dramàtics |
| 9 (RLIN) |
154485 |
| 830 ## - PUNTO DE ACCESO ADICIONAL DE SERIE-TÍTULO UNIFORME |
| Título uniforme |
Sèrie teatre |
| Designación de volumen o secuencia |
15 |
| 9 (RLIN) |
101564 |
| 908 ## - COLOCAR PARÁMETRO DE COMANDO (RLIN) |
| Colocar parámetro de comando |
UdL |
| -- |
BC |
| -- |
CDMAE |
| 940 ## - EQUIVALENCIA O REFERENCIA-CRUZADA--TÍTULO UNIFORME [OBSOLETO] [solamente CAN/MARC] |
| Título uniforme |
<a href="UdL">UdL</a> |
| 942 ## - ELEMENTOS DE ENTRADA AGREGADA (KOHA) |
| Fuente del sistema de clasificación o colocación |
Clasificación decimal universal |
| Tipo de ítem Koha |
Llibre |